00648 a2200193 4500003000400000005001700004008004100021020001800062040000900080082002000089100002700109245005500136250001200191260004300203300001000246942004600256952013500302999001700437OSt20240207155300.0240207b |||||||| |||| 00| 0 eng d a9789382934646 coclc a894.8125bBAT/M aBathery, Arshad 98036 aMalayalathinte Prabhashanangal /c Arshad Bathery a3rd ed. aKozhikode:bOlive Publications,c2017. a161p. 2ddccBKh894.8125iBAT/Mk894.8125mBAT/M 00102ddc40708SPEECHESaMESbMEScMALd2024-02-07l0o894.8125 BAT/Mp45221r2024-02-07 15:53:48v200.00w2024-02-07yBKzGR1R5 c44372d44372